SKIN DISEASES AND SEXUALLY TRANSMITTED INFECTIONS (Record no. 30502)

MARC details
000 -LEADER
fixed length control field 00424nam a22001697a 4500
003 - CONTROL NUMBER IDENTIFIER
control field SGT
020 ## - INTERNATIONAL STANDARD BOOK NUMBER
International Standard Book Number 9789388108454
082 ## - DEWEY DECIMAL CLASSIFICATION NUMBER
Classification number 616.5
Item number S19K
100 ## - MAIN ENTRY--PERSONAL NAME
Personal name KHOPKAR, UDAY
245 ## - TITLE STATEMENT
Title SKIN DISEASES AND SEXUALLY TRANSMITTED INFECTIONS
250 ## - EDITION STATEMENT
Edition statement 7TH
260 ## - PUBLICATION, DISTRIBUTION, ETC. (IMPRINT)
Place of publication, distribution, etc INDIA
Name of publisher, distributor, etc CBS PUB
Year of Publication 2019
300 ## - PAGE DESCRIPTION
No. of Pages 391
650 ## - SUBJECT ADDED ENTRY--TOPICAL TERM
Topical term or geographic name as entry element DERMATOLOGY
653 ## - KEYWORDS--INDEX TERM
Keyword term SKIN DISEASES AND SEXUALLY TRANSMITTED INFECTIONS
942 ## - ADDED ENTRY ELEMENTS (KOHA)
Source of classification or shelving scheme Dewey Decimal Classification
Koha item type Books
Holdings
Withdrawn status Lost status Source of classification or shelving scheme Damaged status Not for loan Collection code Home library Current library Shelving location Date acquired Vendor Name Cost, normal purchase price SGTU Bill Number Total Checkouts Full call number Accession No. (Barcode) Date last seen Bill Date Koha item type
    Dewey Decimal Classification   Not For Loan MEDICAL SGT Medical Library SGT Medical Library Record Book 13/02/2025 ABC DELHI 995.00 SGTU 20481   616.5 S19K FM14671 31/03/2025 13/02/2025 Books